| 000 | 00407nam a22001577a 4500 | ||
|---|---|---|---|
| 005 | 20160106142534.0 | ||
| 008 | 160106b xxu||||| |||| 00| 0 eng d | ||
| 040 | _cPK-LaUMT | ||
| 082 |
_aMMC 615.1 _bJAM-L |
||
| 100 | _aJames Tyler kent | ||
| 245 |
_aLectures on homoeopathic materia medica _cJames Tyler kent |
||
| 250 | _a4th | ||
| 260 |
_aLahore _bHomoeopathic _c1911 |
||
| 300 | _a991 p. | ||
| 942 | _cBK | ||
| 999 |
_c81217 _d81217 |
||